| 000 | 00695nam a2200217 u 4500 | ||
|---|---|---|---|
| 005 | 20220916063544.0 | ||
| 008 | 111010s2007 r 000 0 eng d | ||
| 020 | _a9788426364371 | ||
| 035 | _aUPN01000182111 | ||
| 049 | _aI | ||
| 050 | 4 |
_aPZ85 _bM3.36 |
|
| 100 | 1 |
_aMachado, Ana María, _d1941- _929089 |
|
| 245 | 1 | 0 |
_aConstantino hace llover / _cAna María Machado ; il. Paula Alenda ; tr. Mario Merlino. |
| 260 |
_aZaragoza, Esp. : _bEdelvives, _c2007. |
||
| 300 | _a[31] p. | ||
| 440 | 0 |
_aAla Delta ; _v48. _pRoja. A partir de 5 años |
|
| 650 | 4 |
_aLITERATURA INFANTIL BRASILEÑA _911916 |
|
| 650 | 7 |
_aLibros ilustrados para niños _2 _921365 |
|
| 905 | _aInfantil | ||
| 999 |
_c154214 _d154214 |
||